[Event "IND-chB 49th"]
[Site "Aurangabad"]
[Date "2011.06.18"]
[Round "5"]
[White "Murali Krishnan, BT."]
[Black "Muralidharan, MB."]
[Result "1-0"]
[WhiteElo "2363"]
[BlackElo "2230"]
[PlyCount "125"]
[EventDate "2011.06.16"]
[EventType "swiss"]
[EventRounds "13"]
[EventCountry "IND"]
[SourceTitle "CBM 143 Extra"]
[Source "ChessBase"]
[SourceDate "2011.08.29"]
[SourceVersion "1"]
[SourceVersionDate "2011.08.29"]
[SourceQuality "1"]

1. d4 Nf6 2. c4 g6 3. Nc3 Bg7 4. e4 d6 5. f3 0-0 6. Be3 Nc6 7. Qd2 a6 8. Nge2 Rb8 9. 0-0-0 b5 10. Bh6 bxc4 11. h4 e5 12. Bxg7 Kxg7 13. h5 Qe7 14. g4 Nb4 15. Ng3 exd4 16. Qxd4 Qe5 17. Qxe5 dxe5 18. Bxc4 g5 19. Rd2 Nc6 20. Nge2 Na5 21. Bd3 Be6 22. Kb1 Rfd8 23. Rhd1 Rb6 24. Ng3 Rbd6 25. Kc1 Rb6 26. Be2 Rdb8 27. Kb1 Nc6 28. Na4 Rb4 29. Nc5 R8b6 30. a3 Rd4 31. Bxa6 Rxd2 32. Rxd2 Nd4 33. Be2 Ne8 34. Nd3 f6 35. Nc5 Bc8 36. Nf1 Nd6 37. Ne3 N6b5 38. Ka2 Rc6 39. Bxb5 Rxc5 40. Be2 Be6+ 41. Kb1 Rc6 42. Bd1 Kf7 43. Rd3 Ke7 44. b4 Rb6 45. Ka1 c6 46. Nc2 Nb3+ 47. Kb2 Nc5 48. Re3 Rb8 49. Na1 Nd7 50. Bb3 c5 51. Bxe6 Kxe6 52. Nc2 Nb6 53. Rd3 c4 54. Rd2 Na4+ 55. Kc1 Nc3 56. Ne3 Nb5 57. Nf5 Ra8 58. Rd5 Nd4 59. Rd6+ Kf7 60. Nxd4 exd4 61. Kb2 d3 62. Kc3 Ke7 63. Rd5 1-0

[Event "Asia Cities-ch 15th"]
[Site "Tehran"]
[Date "2007.03.07"]
[Round "8.6"]
[White "Muralidharan, MB."]
[Black "Albonni, Asaad"]
[Result "0-1"]
[WhiteElo "2265"]
[BlackElo "2136"]
[PlyCount "68"]
[EventDate "2007.03.02"]
[EventType "team-swiss"]
[EventRounds "9"]
[EventCountry "IRI"]
[SourceTitle "EXT 2020"]
[Source "ChessBase"]
[SourceDate "2019.10.17"]
[SourceVersion "1"]
[SourceVersionDate "2019.10.17"]
[SourceQuality "1"]
[WhiteTeam "Kozhikode"]
[BlackTeam "Damascus"]
[WhiteTeamCountry "IND"]
[BlackTeamCountry "SYR"]

1. e4 c5 2. Nf3 d6 3. c3 Nf6 4. Bd3 Nc6 5. Bc2 Bg4 6. d3 g6 7. Nbd2 Bg7 8. h3 Bxf3 9. Nxf3 e5 10. 0-0 0-0 11. Be3 Re8 12. Rb1 Nh5 13. Bb3 h6 14. a3 Qe7 15. Re1 Qf6 16. Qd2 g5 17. Bd5 Ne7 18. Bxb7 Rab8 19. Bd5 Nxd5 20. exd5 Qg6 21. Qd1 f5 22. b4 f4 23. Bc1 c4 24. Re4 Rec8 25. Nd2 cxd3 26. c4 Nf6 27. f3 Nxe4 28. Nxe4 h5 29. Rb3 g4 30. h4 Bf6 31. Qe1 g3 32. Rxd3 Bxh4 33. Bb2 Bf6 34. Qa1 Rxc4 0-1

[Event "Asia Cities-ch 15th"]
[Site "Tehran"]
[Date "2007.03.04"]
[Round "4.8"]
[White "Muralidharan, MB."]
[Black "Navabi, Shirin"]
[Result "1-0"]
[WhiteElo "2265"]
[BlackElo "2081"]
[PlyCount "123"]
[EventDate "2007.03.02"]
[EventType "team-swiss"]
[EventRounds "9"]
[EventCountry "IRI"]
[SourceTitle "EXT 2020"]
[Source "ChessBase"]
[SourceDate "2019.10.17"]
[SourceVersion "1"]
[SourceVersionDate "2019.10.17"]
[SourceQuality "1"]
[WhiteTeam "Kozhikode"]
[BlackTeam "Tehran Banvan"]
[WhiteTeamCountry "IND"]
[BlackTeamCountry "IRI"]

1. e4 e5 2. Nf3 Nf6 3. Nc3 Bb4 4. Nxe5 0-0 5. Nd3 Bxc3 6. dxc3 Nxe4 7. Be3 d5 8. Be2 Nd7 9. 0-0 Re8 10. Nf4 c6 11. c4 dxc4 12. Bxc4 Ne5 13. Qxd8 Rxd8 14. Be2 Bf5 15. Rad1 Nd6 16. Bd4 Ng6 17. Nxg6 Bxg6 18. c4 Re8 19. Rfe1 Nf5 20. Bc3 Rad8 21. g3 f6 22. Bf3 Rxe1+ 23. Rxe1 Bf7 24. Bg4 Nd6 25. b3 c5 26. h4 Kf8 27. Bf3 Rd7 28. Rd1 Ke7 29. Kg2 Be6 30. Re1 Kf7 31. Rd1 Ke7 32. Bb2 Rc7 33. Bc1 Rd7 34. Bf4 b6 35. g4 h6 36. h5 Nc8 37. Re1 Kf7 38. Kg3 Rd4 39. Be3 Rd8 40. Bg2 Ne7 41. f4 Rd3 42. Be4 Rd8 43. f5 Bc8 44. a3 Ba6 45. Bf4 Rd7 46. Bf3 Rd2 47. Re3 Rd7 48. Be4 Kf8 49. Rc3 Kf7 50. Kf3 Rd4 51. Ke3 Ke8 52. Kf3 Kf7 53. Be3 Rd7 54. b4 cxb4 55. axb4 Rc7 56. c5 bxc5 57. Rxc5 Rd7 58. Ra5 Bb7 59. Rxa7 Bc8 60. b5 Rxa7 61. Bxa7 Bd7 62. b6 1-0

[Event "Abu Dhabi op 15th"]
[Site "Abu Dhabi"]
[Date "2005.08.22"]
[Round "8"]
[White "Momeni, Ebrahim"]
[Black "Muralidharan, MB."]
[Result "0-1"]
[WhiteElo "2198"]
[BlackElo "2329"]
[PlyCount "86"]
[EventDate "2005.08.14"]
[EventType "swiss"]
[EventRounds "9"]
[EventCountry "UAE"]
[SourceTitle "CBM 107 Extra"]
[Source "ChessBase"]
[SourceDate "2005.09.01"]
[SourceVersion "1"]
[SourceVersionDate "2005.09.01"]
[SourceQuality "1"]

1. c4 g6 2. Nc3 Bg7 3. g3 c5 4. Bg2 Nc6 5. Nf3 e5 6. 0-0 Nge7 7. d3 d6 8. Bd2 0-0 9. a3 a5 10. Rb1 Rb8 11. Qc1 f6 12. Nb5 Be6 13. e4 Qd7 14. b4 axb4 15. axb4 Bg4 16. Bc3 f5 17. h3 fxe4 18. Ng5 Be2 19. Bxe4 Bxf1 20. Qxf1 h6 21. Nf3 cxb4 22. Bxb4 Nxb4 23. Rxb4 d5 24. cxd5 Nxd5 25. Rb2 Rbc8 26. Qd1 Ne7 27. Nh4 g5 28. Qb3+ Kh8 29. Ng2 Rc1+ 30. Kh2 Rf1 31. Qa2 Nf5 32. g4 Nh4 33. Nxh4 gxh4 34. Kg2 Rc1 35. Na3 Qd4 36. Nc4 Rxc4 37. Re2 Rc6 38. Qd2 Rd6 39. Qa2 Rdf6 40. Qd2 b5 41. f3 b4 42. g5 hxg5 43. Qxg5 Bh6 0-1

[Event "Abu Dhabi op 15th"]
[Site "Abu Dhabi"]
[Date "2005.08.20"]
[Round "6"]
[White "Toufighi, Homayoon"]
[Black "Muralidharan, MB."]
[Result "1-0"]
[WhiteElo "2170"]
[BlackElo "2329"]
[PlyCount "45"]
[EventDate "2005.08.14"]
[EventType "swiss"]
[EventRounds "9"]
[EventCountry "UAE"]
[SourceTitle "CBM 107 Extra"]
[Source "ChessBase"]
[SourceDate "2005.09.01"]
[SourceVersion "1"]
[SourceVersionDate "2005.09.01"]
[SourceQuality "1"]

1. e4 c5 2. Nf3 Nc6 3. Bb5 g6 4. 0-0 Bg7 5. Re1 e5 6. b4 cxb4 7. a3 bxa3 8. Bxa3 d6 9. d4 exd4 10. e5 d5 11. Nxd4 Bd7 12. e6 fxe6 13. Nxe6 Bxe6 14. Rxe6+ Kf7 15. Rd6 Bxa1 16. Qxd5+ Kg7 17. Bxc6 Nf6 18. Qa2 bxc6 19. Qxa1 Qe7 20. Nd2 Rae8 21. Nf3 Kf7 22. Rxc6 Qd8 23. Bb2 1-0

[Event "Abu Dhabi op 15th"]
[Site "Abu Dhabi"]
[Date "2005.08.16"]
[Round "3"]
[White "Muralidharan, MB."]
[Black "Nadig, Kruttika"]
[Result "1-0"]
[WhiteElo "2329"]
[BlackElo "2198"]
[PlyCount "123"]
[EventDate "2005.08.14"]
[EventType "swiss"]
[EventRounds "9"]
[EventCountry "UAE"]
[SourceTitle "CBM 107 Extra"]
[Source "ChessBase"]
[SourceDate "2005.09.01"]
[SourceVersion "1"]
[SourceVersionDate "2005.09.01"]
[SourceQuality "1"]

1. e4 c5 2. Nf3 Nc6 3. Bb5 g6 4. 0-0 Bg7 5. c3 Nf6 6. e5 Nd5 7. d4 Nc7 8. a4 0-0 9. Re1 cxd4 10. cxd4 a6 11. Bxc6 dxc6 12. h3 Be6 13. Nc3 Bd5 14. Nxd5 Qxd5 15. Ra3 b5 16. Bd2 Ne6 17. Bb4 Rfe8 18. axb5 cxb5 19. Qd2 Bf8 20. Rea1 Red8 21. Rxa6 Rxa6 22. Rxa6 Nxd4 23. Qxd4 Qxd4 24. Nxd4 Rxd4 25. Bc5 Rd1+ 26. Kh2 Rd8 27. Rb6 Bg7 28. f4 Bh6 29. g3 Bf8 30. Rxb5 e6 31. Bf2 Rd2 32. Kg2 Be7 33. Kf3 Kg7 34. Rb7 Bf8 35. Be3 Rc2 36. g4 Rh2 37. Kg3 Re2 38. Bd4 Re4 39. Rd7 Kg8 40. Kf3 Re1 41. Bf2 Rf1 42. Kg2 Rb1 43. Rb7 Ba3 44. Rb3 Be7 45. Rb6 Rc1 46. Rb7 Kf8 47. Rb8+ Kg7 48. Re8 Rc7 49. Kf3 Rb7 50. Bd4 f5 51. Ra8 Rb3+ 52. Bc3 Rb7 53. Ra4 fxg4+ 54. hxg4 h5 55. gxh5 gxh5 56. f5 exf5 57. Kf4 h4 58. Kxf5 h3 59. Rg4+ Kf8 60. Rg3 Bb4 61. Rxh3 Bxc3 62. bxc3 1-0

[Event "Chennai WinTV op 1st"]
[Site "Chennai"]
[Date "2004.01.31"]
[Round "12"]
[White "Prasad, Devaki V"]
[Black "Muralidharan, MB."]
[Result "1-0"]
[WhiteElo "2395"]
[BlackElo "2341"]
[PlyCount "60"]
[EventDate "2004.01.21"]
[EventType "swiss"]
[EventRounds "13"]
[EventCountry "IND"]
[SourceTitle "CBM 098 Extra"]
[Source "ChessBase"]
[SourceDate "2004.03.10"]
[SourceVersion "2"]
[SourceVersionDate "2004.03.10"]
[SourceQuality "1"]

1. e4 c5 2. Nf3 Nc6 3. d4 cxd4 4. Nxd4 g6 5. c4 Bg7 6. Be3 Nf6 7. Nc3 Ng4 8. Qxg4 Nxd4 9. Qd1 Ne6 10. Rc1 Qa5 11. Qd2 h5 12. f4 d6 13. Bd3 Nc5 14. Bb1 Be6 15. b3 f5 16. exf5 gxf5 17. Bd4 Bxd4 18. Qxd4 Kf7 19. 0-0 Rag8 20. Nd5 Nd7 21. b4 Qa3 22. Rce1 Qh3 23. Rf2 Rh6 24. Re3 Qh4 25. Qd3 b5 26. cxb5 Rhg6 27. Rfe2 Nf8 28. Qxf5+ Rf6 29. Rxe6 Nxe6 30. Nxf6 Qxf6 1-0

[Event "Chennai WinTV op 1st"]
[Site "Chennai"]
[Date "2004.01.30"]
[Round "11"]
[White "Muralidharan, MB."]
[Black "Shashikant, Kutwal"]
[Result "1-0"]
[WhiteElo "2341"]
[BlackElo "2283"]
[PlyCount "32"]
[EventDate "2004.01.21"]
[EventType "swiss"]
[EventRounds "13"]
[EventCountry "IND"]
[SourceTitle "CBM 098 Extra"]
[Source "ChessBase"]
[SourceDate "2004.03.10"]
[SourceVersion "2"]
[SourceVersionDate "2004.03.10"]
[SourceQuality "1"]

1. e4 c5 2. Nc3 Nc6 3. f4 g6 4. Nf3 Bg7 5. Bc4 e6 6. 0-0 Nge7 7. d3 0-0 8. Qe1 d5 9. Bb3 Nd4 10. Nxd4 cxd4 11. Ne2 a5 12. a4 dxe4 13. dxe4 b6 14. Kh1 Bb7 15. Ng3 Rc8 16. f5 exf5 1-0

[Event "Goodricke op 08th"]
[Site "Kolkata"]
[Date "1997.??.??"]
[Round "7"]
[White "Muralidharan, MB."]
[Black "Girinath, PDS"]
[Result "0-1"]
[WhiteElo "2360"]
[BlackElo "2280"]
[PlyCount "120"]
[EventDate "1997.02.??"]
[EventType "swiss"]
[EventRounds "11"]
[EventCountry "IND"]
[SourceTitle "CBM 056 Extra"]
[Source "ChessBase"]
[SourceDate "1997.03.01"]
[SourceVersion "1"]
[SourceVersionDate "1997.03.01"]
[SourceQuality "1"]

1. e4 c5 2. Nf3 Nc6 3. d4 cxd4 4. Nxd4 Qc7 5. Nc3 e6 6. f4 a6 7. Be3 b5 8. Nb3 d6 9. Be2 Nf6 10. Bf3 Bb7 11. 0-0 Be7 12. a3 0-0 13. g4 Rfe8 14. g5 Nd7 15. Bg2 Bf8 16. Kh1 Rac8 17. Rf3 g6 18. Rh3 Bg7 19. Qe1 b4 20. axb4 Nxb4 21. Qf2 Qb8 22. Rd1 Ba8 23. Bd4 Bxd4 24. Nxd4 e5 25. fxe5 Rxe5 26. Rxh7 Kxh7 27. Qxf7+ Kh8 28. Qxd7 Qc7 29. Qh3+ Kg8 30. Rf1 Rce8 31. Rf6 Qh7 32. Qxh7+ Kxh7 33. Rxd6 Rxg5 34. Bf3 Rc5 35. Kg2 Rb8 36. Kg3 Nc6 37. Ne6 Re5 38. b3 Nb4 39. Kf4 Ra5 40. Ng5+ Kh6 41. h4 Rf8+ 42. Kg3 Nxc2 43. Rd7 Rxg5+ 44. hxg5+ Kxg5 45. Rd6 Rb8 46. Rxa6 Rxb3 47. Rxa8 Rxc3 48. Ra5+ Kf6 49. Kf2 Nd4 50. e5+ Kf5 51. Bg2 Kf4 52. Ra1 Rc2+ 53. Kf1 Nf5 54. Ra4+ Kxe5 55. Kg1 Nd4 56. Ra8 Kf4 57. Re8 Nf5 58. Ra8 Rd2 59. Rg8 Nh4 60. Ba8 g5 0-1

[Event "IND-chB 34th"]
[Site "Chennai"]
[Date "1996.??.??"]
[Round "8"]
[White "Muralidharan, MB."]
[Black "Koshy, Varugeese"]
[Result "1/2-1/2"]
[WhiteElo "2345"]
[BlackElo "2410"]
[PlyCount "32"]
[EventDate "1996.??.??"]
[EventType "swiss"]
[EventRounds "12"]
[EventCountry "IND"]
[SourceTitle "EXT 2001"]
[Source "ChessBase"]
[SourceDate "2000.11.22"]
[SourceVersion "1"]
[SourceVersionDate "2000.11.22"]
[SourceQuality "1"]

1. e4 e5 2. Nf3 Nc6 3. Bb5 a6 4. Ba4 Nf6 5. 0-0 Be7 6. Re1 b5 7. Bb3 d6 8. c3 0-0 9. d4 Bg4 10. d5 Na5 11. Bc2 c6 12. dxc6 Qc7 13. h3 Bh5 14. Nbd2 Rfd8 15. Nf1 Nxc6 16. Ng3 Bg6 1/2-1/2

[Event "IND-ch"]
[Site "India"]
[Date "1994.??.??"]
[Round "5"]
[White "Mithrakanth, Poorna Sharma"]
[Black "Muralidharan, MB."]
[Result "1/2-1/2"]
[WhiteElo "2370"]
[BlackElo "2420"]
[PlyCount "73"]
[EventDate "1994.??.??"]
[EventType "tourn"]
[EventRounds "19"]
[EventCountry "IND"]
[EventCategory "5"]
[SourceTitle "CBM 041 Extra"]
[Source "ChessBase"]
[SourceDate "1994.09.01"]
[SourceVersion "1"]
[SourceVersionDate "1994.09.01"]
[SourceQuality "1"]

1. e4 c5 2. Nf3 Nc6 3. d4 cxd4 4. Nxd4 Nf6 5. Nc3 e5 6. Ndb5 d6 7. Bg5 a6 8. Na3 b5 9. Nd5 Be7 10. Bxf6 Bxf6 11. c3 0-0 12. Nc2 Bb7 13. a4 bxa4 14. Rxa4 Nb8 15. Nce3 Nd7 16. b4 Bg5 17. Bd3 Bxe3 18. Nxe3 Nf6 19. Qc2 a5 20. 0-0 axb4 21. Rxb4 Qe7 22. Rfb1 Ra7 23. Qb3 Bc6 24. Rc4 Qd7 25. Qb6 Ba8 26. f3 g6 27. Rcb4 Kg7 28. Nc4 Rc7 29. Bf1 Rc6 30. Qa5 Rc5 31. Rb5 Rxb5 32. Rxb5 Bc6 33. Rb1 Qe6 34. Qc7 d5 35. exd5 Bxd5 36. Rb6 Rc8 37. Qxe5 1/2-1/2

[Event "IND-ch"]
[Site "India"]
[Date "1994.??.??"]
[Round "13"]
[White "Muralidharan, MB."]
[Black "Ravi, Lanka"]
[Result "0-1"]
[WhiteElo "2420"]
[BlackElo "2425"]
[PlyCount "84"]
[EventDate "1994.??.??"]
[EventType "tourn"]
[EventRounds "19"]
[EventCountry "IND"]
[EventCategory "5"]
[SourceTitle "CBM 041 Extra"]
[Source "ChessBase"]
[SourceDate "1994.09.01"]
[SourceVersion "1"]
[SourceVersionDate "1994.09.01"]
[SourceQuality "1"]

1. e4 e6 2. d4 d5 3. Nd2 dxe4 4. Nxe4 Bd7 5. Nf3 Bc6 6. Bd3 Nd7 7. 0-0 Ngf6 8. Nxf6+ Nxf6 9. Re1 Be7 10. c3 Bxf3 11. Qxf3 c6 12. Be3 0-0 13. c4 Qc7 14. Bf4 Qb6 15. Be5 Rad8 16. Rad1 Rd7 17. Qh3 h6 18. Qf3 Rfd8 19. b3 a5 20. a3 Kf8 21. Bc2 Rc8 22. Rb1 Qd8 23. b4 axb4 24. axb4 b5 25. cxb5 cxb5 26. Bd3 Qb6 27. Qe2 Nd5 28. Bxb5 Rdd8 29. Bd3 Nc3 30. Qg4 f6 31. d5 fxe5 32. dxe6 Rxd3 33. Ra1 Rd2 34. Re3 Nd5 35. Qg6 Kg8 36. Qf7+ Kh8 37. Rg3 Rg8 38. h4 Bxh4 39. e7 Qxf2+ 40. Qxf2 Rxf2 41. Rg4 Nxe7 42. Rxh4 Rb2 0-1

[Event "IND-ch"]
[Site "India"]
[Date "1994.??.??"]
[Round "3"]
[White "Muralidharan, MB."]
[Black "Saravanan, Venkat"]
[Result "1-0"]
[WhiteElo "2420"]
[BlackElo "2420"]
[PlyCount "77"]
[EventDate "1994.??.??"]
[EventType "tourn"]
[EventRounds "19"]
[EventCountry "IND"]
[EventCategory "5"]
[SourceTitle "CBM 041 Extra"]
[Source "ChessBase"]
[SourceDate "1994.09.01"]
[SourceVersion "1"]
[SourceVersionDate "1994.09.01"]
[SourceQuality "1"]

1. c4 g6 2. Nc3 Bg7 3. g3 Nf6 4. Bg2 0-0 5. e4 d6 6. Nge2 c5 7. d3 Nc6 8. 0-0 a6 9. a4 Rb8 10. h3 Bd7 11. f4 Ne8 12. Be3 Nd4 13. Kh2 b5 14. cxb5 axb5 15. a5 e6 16. Bxd4 cxd4 17. Nb1 Ra8 18. b4 Nc7 19. Nd2 Na6 20. Qb3 Kh8 21. e5 dxe5 22. Bxa8 Qxa8 23. fxe5 Bxe5 24. Nf3 Bg7 25. Rac1 Qe8 26. Nexd4 Qe7 27. Nc2 Bc6 28. Rce1 Qd6 29. d4 Bd5 30. Qc3 f6 31. Nd2 Bb7 32. Ne4 Qd5 33. Rf2 Rc8 34. Qd2 Re8 35. Nxf6 Bxf6 36. Rxf6 e5 37. Qf2 Kg7 38. Rf1 exd4 39. Rf7+ 1-0

[Event "IND-ch"]
[Site "India"]
[Date "1994.??.??"]
[Round "12"]
[White "Soman, Satchidanand"]
[Black "Muralidharan, MB."]
[Result "1/2-1/2"]
[WhiteElo "2320"]
[BlackElo "2420"]
[PlyCount "133"]
[EventDate "1994.??.??"]
[EventType "tourn"]
[EventRounds "19"]
[EventCountry "IND"]
[EventCategory "5"]
[SourceTitle "CBM 041 Extra"]
[Source "ChessBase"]
[SourceDate "1994.09.01"]
[SourceVersion "1"]
[SourceVersionDate "1994.09.01"]
[SourceQuality "1"]

1. d4 Nf6 2. c4 g6 3. Nc3 Bg7 4. e4 d6 5. f3 0-0 6. Be3 e5 7. Nge2 Nc6 8. Qd2 Nd7 9. d5 Ne7 10. g4 Nb6 11. Ng3 f5 12. gxf5 gxf5 13. Bg5 f4 14. Nh5 h6 15. Nxg7 hxg5 16. Ne6 Bxe6 17. dxe6 Ng6 18. 0-0-0 Kg7 19. Qf2 Qe7 20. Rg1 Rh8 21. Nd5 Nxd5 22. exd5 e4 23. Qd4+ Qf6 24. Rxg5 Qxd4 25. Rxd4 Rxh2 26. fxe4 Rah8 27. Rd1 R2h5 28. Rg4 Rh4 29. Rg5 R4h5 30. Rg2 Kf6 31. b4 Ne5 32. c5 Rh2 33. cxd6 cxd6 34. Rxh2 Rxh2 35. Rd2 Rh1 36. Rd1 Rh2 37. Rd2 Rh1 38. Rd1 f3 39. a4 Rh2 40. Rd2 Rh4 41. Rd4 Rh1 42. Rd1 Ng4 43. Bd3 Rh2 44. Rf1 Ne5 45. Bc2 Ke7 46. Kd1 Re2 47. Rxf3 Rxc2 48. Rh3 Rc4 49. Rh7+ Kf6 50. Rxb7 Rxe4 51. Kc2 a5 52. bxa5 Rxa4 53. Rb6 Nc4 54. Rc6 Ne3+ 55. Kb3 Rxa5 56. Rxd6 Nxd5 57. Kc4 Ne3+ 58. Kd3 Nf5 59. Rb6 Rd5+ 60. Ke4 Rd4+ 61. Kf3 Nd6 62. Rb8 Kxe6 63. Ra8 Kf6 64. Ra6 Kg5 65. Ra8 Rd3+ 66. Ke2 Rc3 67. Rg8+ 1/2-1/2

[Event "Goodricke op 04th"]
[Site "Kolkata"]
[Date "1993.??.??"]
[Round "2"]
[White "Prasad, Devaki V"]
[Black "Muralidharan, MB."]
[Result "0-1"]
[WhiteElo "2480"]
[BlackElo "2295"]
[PlyCount "46"]
[EventDate "1993.02.??"]
[EventType "swiss"]
[EventRounds "11"]
[EventCountry "IND"]
[SourceTitle "EXT 1998"]
[Source "ChessBase"]
[SourceDate "1997.11.17"]
[SourceVersion "1"]
[SourceVersionDate "1997.11.17"]
[SourceQuality "1"]

1. d4 Nf6 2. c4 g6 3. Nc3 Bg7 4. e4 d6 5. f4 0-0 6. Nf3 c5 7. dxc5 Qa5 8. Bd3 Qxc5 9. Qe2 Bg4 10. Be3 Qa5 11. 0-0 Nc6 12. Rac1 Rac8 13. Qf2 Bxf3 14. gxf3 e6 15. Rfd1 d5 16. e5 d4 17. Bxd4 Nxd4 18. Qxd4 Rfd8 19. Qe3 Bf8 20. Kh1 Bc5 21. Qe1 Nh5 22. a3 Nxf4 23. b4 Qxa3 0-1